| 000 | 01034cam a2200313 a 4500 | ||
|---|---|---|---|
| 001 | 4960989 | ||
| 003 | Nust | ||
| 005 | 20220831095306.0 | ||
| 008 | 970211r19971996nyu b 000 1 eng | ||
| 010 | _a 97005822 | ||
| 020 |
_a9780751539417 _cRs. 556 |
||
| 038 | _aArshad | ||
| 040 |
_aDLC _cDLC _dOCoLC _dDLC |
||
| 043 | _ae-uk--- | ||
| 050 | 0 | 0 |
_aPR6053.H245 _bC66 1997 |
| 082 | 0 | 0 |
_a823 _bCHA |
| 100 | 1 |
_aChadwick, Elizabeth, _d1957- _911895 |
|
| 245 | 1 | 4 |
_aThe conquest _cElizabeth Chadwick. |
| 250 | _a1st U.S. ed. | ||
| 260 |
_aNew York : _bSt. Martin's Press, _c1997. |
||
| 300 |
_a568 p. ; _c22 cm. |
||
| 504 | _aIncludes bibliographical references (p. [457]-458). | ||
| 651 | 0 |
_aGreat Britain _xHistory _yWilliam I, 1066-1087 _vFiction. _911898 |
|
| 655 | 7 |
_aHistorical fiction. _2gsafd _9417 |
|
| 655 | 7 |
_aLove stories. _2gsafd _9418 |
|
| 906 |
_a7 _bcbc _corignew _d1 _eocip _f19 _gy-gencatlg |
||
| 942 |
_2ddc _cBK |
||
| 999 |
_c173300 _d173300 |
||